000 00290nam a22001217a 4500
020 _a9781420076585
082 _a660.63PAR
100 _aSheldon J.Park
245 _aProtein Engineering & Design
260 _aAmerica
_bCRC Press Taylor & Francis Group
_c2010
300 _a402
_bHB
942 _cBK
999 _c23228
_d23228